Statistics for Countries That Do Not Have an Embassy in the US

Click here to take the quiz!

General Stats

  • This quiz has been taken 29 times
  • The average score is 8 of 10

Answer Stats

ContinentFormal Relations with US?Answer% Correct
AsiaDoes not recognize ChinaNorth Korea
92%
OceaniaRecognizes ChinaTuvalu
88%
AsiaDoes not recognize ChinaIran
85%
OceaniaRecognizes ChinaVanuatu
85%
AsiaRecognizes ChinaAfghanistan
81%
AsiaDoes not recognize ChinaBhutan
81%
OceaniaRecognizes ChinaKiribati
81%
AsiaDoes not recognize ChinaSyria
69%
AfricaRecognizes ChinaSao Tome and Principe
58%
AfricaRecognizes ChinaGuinea-Bissau
38%

Score Distribution

Percentile by Number Answered

Percent of People with Each Score

Your Score History

You have not taken this quiz